00381nam a2200109Ia 4500082001700000245003600017100005700053942000700110008004100117999001700158952009600175 aJ 571.8 CLAY 0aDoes a worm have a girlfriend?  a Claybourne, Anna Chicago, Ill., [c.2006] 914767 cBK210816s9999 xx 000 0 und d c77261d77260 00104070aSHATLbSHATLd2021-08-17g100.00l0p33228020296982r2021-08-17w2021-08-17yBK